<?xml version="1.0" encoding="UTF-8"?>
<marc:record xmlns:marc="http://www.loc.gov/MARC21/slim">
   <marc:leader>00000nam a2200000 a 4500</marc:leader>
   <marc:datafield ind1="1" ind2=" " tag="100">
      <marc:subfield code="a">Torreck, Ulf</marc:subfield>
      <marc:subfield code="4">aut</marc:subfield>
      <marc:subfield code="e">Verfasser/-in</marc:subfield>
   </marc:datafield>
   <marc:datafield ind1="0" ind2="0" tag="245">
      <marc:subfield code="a">Fest der Finsternis</marc:subfield>
   </marc:datafield>
   <marc:datafield ind1="0" ind2="0" tag="245">
      <marc:subfield code="b">historischer Thriller</marc:subfield>
   </marc:datafield>
   <marc:datafield ind1="0" ind2="0" tag="245">
      <marc:subfield code="c">Ulf Torreck</marc:subfield>
   </marc:datafield>
   <marc:datafield ind1=" " ind2="1" tag="264">
      <marc:subfield code="a">München</marc:subfield>
      <marc:subfield code="b">Wilhelm Heyne Verlag</marc:subfield>
      <marc:subfield code="c">2017</marc:subfield>
   </marc:datafield>
   <marc:datafield ind1="1" ind2=" " tag="520">
      <marc:subfield code="a">Paris im September 1805. Der intrigante Polizeiminister Joseph Fouché regiert die Stadt mit eiserner Hand. Doch die Bewohner der Weltmetropole sind ergriffen von Angst. In finsteren Gassen werden die Leichen blutjunger Mädchen gefunden, die Brutalität der Morde ist beispiellos. Der für seinen Jagdinstinkt berühmte Polizist Louis Marais arbeitet wie besessen an dem Fall. Marais weiß, dass es ein Monster braucht, um ein Monster zu jagen. Er greift auf die Hilfe eines alten Bekannten zurück, der hinter den Mauern des Irrenhauses von Charenton sein Leben fristet. Doch damit führt Marais den Alptraum erst zu seiner wahren Größe</marc:subfield>
   </marc:datafield>
   <marc:datafield ind1=" " ind2=" " tag="020">
      <marc:subfield code="a">9783453677135</marc:subfield>
      <marc:subfield code="9">9783453677135</marc:subfield>
   </marc:datafield>
   <marc:datafield ind1=" " ind2=" " tag="020">
      <marc:subfield code="a">3453677137</marc:subfield>
      <marc:subfield code="9">3453677137</marc:subfield>
   </marc:datafield>
   <marc:datafield ind1=" " ind2=" " tag="300">
      <marc:subfield code="a">668 Seiten</marc:subfield>
   </marc:datafield>
</marc:record>
